Thinking in problems : (رقم التسجيلة. 33018)

تفاصيل مارك
000 -الفاتح
حقل البيانات ثابتة الطول 01089cam a22003377a 4500
001 - رقم الضبط
رقم الضبط 17476451
003 - محدد رقم الضبط
رقم الضبط OSt
005 - وقت وتاريخ اخر تعامل مع التسجيلة
رقم الضبط 20150408114201.0
008 - عناصر البيانات ثابتة الطول - معلومات عامة
حقل البيانات ثابتة الطول 120927s2013 nyua b 001 0 eng d
010 ## - رقم ضبط مكتبة الكونجرس
رقم ضبط مكتبة الكونجرس 2012950315
020 ## - الرقم الدولى المعيارى للكتب
الرقم الدولى المعيارى للكتاب 9780817684051 (alk. paper)
020 ## - الرقم الدولى المعيارى للكتب
الرقم الدولى المعيارى للكتاب 0817684050 (alk. paper)
020 ## - الرقم الدولى المعيارى للكتب
الرقم الدولى المعيارى للكتاب 9780817684068 (ebk.)
035 ## - رقم ضبط النظام
رقم ضبط النظام (OCoLC)ocn812067036
040 ## - مصدر الفهرسة
وكالة الفهرسة الأصلية YDXCP
وكالة النسخ YDXCP
وكالة التعديل BTCTA
-- OCLCQ
-- TLE
-- BWX
-- DLC
042 ## - رمز التحقق
رمز التحقق lccopycat
050 00 - رقم طلب مكتبة الكونجرس
رقم التصنيف QA9
رقم المادة .R777 2013
082 ## - رقم تصنيف ديوى العشرى
رقم الطبعة 22
رقم التصنيف 370.152
رقم المادة RAT
100 1# - المدخل الرئيسى - إسم شخصى
الإسم الشخصى Roytvarf, Alexander A.
9 (RLIN) 41765
245 10 - بيان العنوان
العنوان Thinking in problems :
بقية العنوان how mathematicians find creative solutions / Alexander A. Roytvarf.
260 ## - PUBLICATION, DISTRIBUTION, ETC. (IMPRINT)
مكان الناشر او الموزع New York :
اسم الناشر او الموزع Birkhauser,
تاريخ النشر أو التوزيع c2013.
300 ## - الوصف المادى
التعداد xxxvii, 405 p. :
تفاصيل ماديه اخرى للوعاء ill. ;
أبعاد الوعاء 24 cm.
650 #0 - المدخل الاضافى بالموضوع-مصطلح موضوعى
مصطلح موضوعي أو اسم جغرافي كعنصر مدخل Mathematics
التقسيم الفرعي العام Philosophy.
9 (RLIN) 8982
650 #0 - المدخل الاضافى بالموضوع-مصطلح موضوعى
مصطلح موضوعي أو اسم جغرافي كعنصر مدخل Mathematical analysis.
650 #0 - المدخل الاضافى بالموضوع-مصطلح موضوعى
مصطلح موضوعي أو اسم جغرافي كعنصر مدخل Reasoning.
9 (RLIN) 15199
650 #0 - المدخل الاضافى بالموضوع-مصطلح موضوعى
مصطلح موضوعي أو اسم جغرافي كعنصر مدخل Logic.
906 ## - عنصر بيانات محلى F, LDF (RLIN)
a 7
b cbc
c copycat
d 2
e ncip
f 20
g y-gencatlg
942 ## - عناصر المدخل الإضافي( كوها)
مصدر التصنيف او مخطط الترفيف Dewey Decimal Classification
Koha [default] item type DVD
المقتنيات
حالة الفقد نموذج السعر الفعال حالة تلف ليس للاعارة رقم الطلب تاريخ الاكتساب الموقع الحالي الفرع الرئيسي Date last seen نوع المادة فى نظام كوها مصدر التصنيف او خطة الترفيف Total Checkouts
  2014-01-08     370.152 RAT 2014-01-08 المكتبة المركزية بالمجمعة (CL) المكتبة المركزية بالمجمعة (CL) 2014-01-08 كتاب Dewey Decimal Classification